Glossario calcistico - Quiz n°8 - Statistics

Statistiche generali
  • Questo quiz è stato fatto 25 volte
  • Il punteggio medio è 8 su 15
Statistiche sulle risposte
Definizione Risposta % Corretto
Parte della porta composto da palo e traversa (detto anche sette) Incrocio dei pali
95%
Zona rettangolare adiacente alla porta, delimitata da un rettangolo bianco disegnato sull'erba: se viene commesso un fallo passibile di calcio di punizione diretto all'interno della propria area di rigore, verrà assegnato un calcio di rigore alla squadra avversaria. È anche l'area all'interno della quale un portiere può giocare il pallone con le mani Area di rigore
80%
Tattica di gioco che prevede il disturbo costante verso il portatore di palla da parte di avversari, al fine di prevenire passaggi e recuperare palla Pressing
80%
Movimento del portiere per bloccare un tiro rivolto verso la porta Parata
75%
Nel caso di risultato ampiamente definito (per es. 4-0 o 5-0 etc) viene chiamata così la rete segnata dalla squadra in svantaggio. Ininfluente ai fini dell'esito dell'incontro, è chiamato così proprio perché ha il solo scopo di rappresentare la formazione che lo ha realizzato Gol della bandiera
65%
Esecuzione di un passaggio effettuato senza fermare il pallone Passaggio di prima
65%
Banderuola atta a segnalare i quattro angoli del terreno di gioco o la metà campo in corrispondenza della linea mediana. È definita così anche la bandiera usata dagli assistenti arbitrali (guardalinee) Bandierina
60%
espressione, traducibile in italiano letteralmente come artiglio e in senso figurato come «grinta», «carattere» o «palle», usata per indicare un atteggiamento caratterizzato da grande impegno fisico e forza caratteriale, caratteristiche tipiche del calcio sudamericano e di quello uruguayano in particolare. L'accoglienza positiva del termine da parte degli addetti ai lavori nonché tra i sostenitori l'ha reso essere inserita in altri sport sia individuali che di squadra Garra
45%
Membro dello staff di una società calcistica il cui incarico è viaggiare sia all'interno dei confini del proprio paese che all'estero per seguire giocatori di altre squadre Osservatore calcistico
45%
Torneo calcistico per club sudamericani riservato alle squadre classificate ai primi posti nei precedenti campionati nazionali Coppa Libertadores
35%
Settore dello stadio posto di fronte alla tribuna centrale Distinti
35%
Trofeo assegnato alla squadra vincitrice della partita, disputata ogni anno, nel mese di dicembre, che metteva di fronte i vincitori della Coppa dei Campioni-UEFA Champions League e della Coppa Libertadores. La squadra vincente era titolata come "Campione del mondo". Nel 2005 è stata rimpiazzata dal Campionato mondiale per club Coppa Intercontinentale
30%
Passaggio ad un compagno di squadra che restituisce il pallone con un passaggio di prima Triangolo
25%
Termine utilizzato per riferirsi ad ogni settore dello stadio atto ad ospitare gli spettatori; usualmente il termine è utilizzato in senso stretto per riferirsi alla sola "tribuna centrale", settore nel quale, oltre al pubblico pagante, vengono ospitati la tribuna stampa e i posti riservati ad autorità e dirigenti Tribuna
25%
Centrocampista arretrato davanti alla difesa nella piramide ma soprattutto nel metodo; era il centrocampista con maggiori compiti difensivi ma era anche di primaria importanza per la costruzione del gioco. Centrocampista metodista
0%
Nessun quiz corrispondente trovato
Distribuzione punteggi
Percentuale di utenti per punteggio
Percentile per numero di risposta
I tuoi punteggi nel tempo
Non hai fatto questo quiz